| 000 | 00657nam a2200217 u 4500 | ||
|---|---|---|---|
| 005 | 20250114063756.0 | ||
| 008 | 121003s2009 es r 000 0 spa d | ||
| 020 | _a9788444141022 | ||
| 035 | _aUPN01000187002 | ||
| 049 | _aI | ||
| 050 | 4 |
_aPZ74.9 _bC3.52 |
|
| 100 | 1 |
_aCarreño, Maite _934605 |
|
| 245 | 1 | 0 |
_aMaría Ite y su vestido rojo / _cMaite Carreño ; il. Tesa González. |
| 260 |
_aLeón, Esp. : _bEverest, _c2009. |
||
| 300 |
_a31 p. : _bprincipalmente il. col. |
||
| 440 | 0 |
_aLeer es vivir. _pA partir de 5 años |
|
| 650 | 4 |
_aLiteratura infantil española _95892 |
|
| 650 | 2 |
_aObediencia _911074 |
|
| 905 | _aInfantil | ||
| 999 |
_c159105 _d159105 |
||